书目信息 |
| 题名: |
刑法分论争议问题研究
|
|
| 作者: | 郑泽善 著 | |
| 分册: | ||
| 出版信息: | 北京 中国人民大学出版社 2015 |
|
| 页数: | 392页 | |
| 开本: | 24cm | |
| 丛书名: | ||
| 单 册: | ||
| 中图分类: | D924.304 | |
| 科图分类: | ||
| 主题词: | 刑法--Xing Fa--细则--研究--中国 | |
| 电子资源: | ||
| ISBN: | 978-7-300-13906-7 | |
| 000 | 01107nam0 22002531 450 | |
| 001 | 349636 | |
| 005 | 20161009082349.51 | |
| 010 | @a978-7-300-13906-7@dCNY75.00 | |
| 100 | @a20160108d2015 em y0chiy50 ea | |
| 101 | 0 | @achi |
| 102 | @aCN@b110000 | |
| 105 | @ay z 000yy | |
| 106 | @ar | |
| 200 | 1 | @a刑法分论争议问题研究@AXing Fa Fen Lun Zheng Yi Wen Ti Yan Jiu@dResearch on the controversial issues of specific theories of criminal law@f郑泽善著@zeng |
| 210 | @a北京@c中国人民大学出版社@d2015 | |
| 215 | @a392页@d24cm | |
| 300 | @a国家社科基金后期资助项目 | |
| 330 | @a本书内容包括:危险驾驶罪的处罚范围、事后不可罚行为与共罚的事后行为、转化型抢劫罪的认定与处罚、“毁坏”之界定、网络虚拟财产的刑法保护、财物与财产性利益、诈骗罪中的处分行为及财产损害、诉讼诈骗、背信罪、滥用职权罪、受贿罪的保护法益及贿赂之范围等。 | |
| 510 | 1 | @aResearch on the controversial issues of specific theories of criminal law@zeng |
| 606 | 0 | @a刑法@AXing Fa@x细则@x研究@y中国 |
| 690 | @aD924.304@v5 | |
| 701 | 0 | @a郑泽善@AZheng Ze Shan@4著 |
| 801 | 0 | @aCN@bTANGWEI@20160730 |
| 905 | @b0886005-9@dD924.304@e526@f5 | |
| 刑法分论争议问题研究=Research on the controversial issues of specific theories of criminal law/郑泽善著.-北京:中国人民大学出版社,2015 |
| 392页;24cm |
| 国家社科基金后期资助项目 |
| ISBN 978-7-300-13906-7:CNY75.00 |
| 本书内容包括:危险驾驶罪的处罚范围、事后不可罚行为与共罚的事后行为、转化型抢劫罪的认定与处罚、“毁坏”之界定、网络虚拟财产的刑法保护、财物与财产性利益、诈骗罪中的处分行为及财产损害、诉讼诈骗、背信罪、滥用职权罪、受贿罪的保护法益及贿赂之范围等。 |
| ● |
| 相关链接 |
|
|
|
|
正题名:刑法分论争议问题研究
索取号:D924.304/526
 
预约/预借
| 序号 | 登录号 | 条形码 | 馆藏地/架位号 | 状态 | 备注 |
| 1 | 0886005 | 208860053 | 第一样本阅览室/ [索取号:D924.304/526] | 在馆 | |
| 2 | 0886006 | 208860062 | 第一借阅区/ [索取号:D924.304/526] | 在馆 | |
| 3 | 0886007 | 208860071 | 第一借阅区/ [索取号:D924.304/526] | 在馆 | |
| 4 | 0886008 | 208860080 | 第一借阅区/ [索取号:D924.304/526] | 在馆 | |
| 5 | 0886009 | 208860099 | 密集书库-史法系/ [索取号:D924.304/526] | 在馆 |